| 000 | 00748cam a2200241 4500 | ||
|---|---|---|---|
| 001 | B2244 | ||
| 008 | 090401t1988 xxu||||| |||| 00| 0 eng d | ||
| 035 | _a(Sirsi) u48919 | ||
| 041 | _aeng | ||
| 050 | _a690.2 | ||
| 090 | _aRICS 1988/56 AB | ||
| 110 |
_aRoyal Institution of Chartered Surveyors _94900 |
||
| 245 | 4 | _aThe RICS property doctor book | |
| 260 |
_aLondon _bRoyal Institution of Chartered Surveyors _c1988 |
||
| 300 | _a14p. ; 21cm. | ||
| 350 | _a2.95 | ||
| 520 | _aProduced jointly by the RICS and Building Maintenance Information, to accompany the BBC TV programme Bazaar . | ||
| 650 | _aPROPERTY MAINTENANCE | ||
| 650 | _aREPAIRS | ||
| 710 |
_aBritish Broadcasting Corporation _92877 |
||
| 942 | _n0 | ||
| 948 | _c04/03/1997 | ||
| 999 |
_c92431 _d92431 |
||